000
00355cam a2200145ua 4500
041
_a
mal
_h
082
_a
894.8122
_b
BHA/AS
100
_a
Bhasi, Thoppil.
245
_a
Aswamedham /
_c
Thoppil Bhasi.
_h
Textual Documents
260
_a
Thrissur :
_b
Current Books ,
_c
1962.
300
_a
242 ; .
942
_c
BK
999
_c
4691
_d
4691